Govt. of
Madhya Pradesh

Students' Guide To Accounting Standards (Record no. 56159)

MARC details
000 -LEADER
fixed length control field 00396nam a22001457a 4500
003 - CONTROL NUMBER IDENTIFIER
control field MACL
005 - DATE AND TIME OF LATEST TRANSACTION
control field 20170328123703.0
008 - FIXED-LENGTH DATA ELEMENTS--GENERAL INFORMATION
fixed length control field 170328b xxu||||| |||| 00| 0 eng d
040 ## - CATALOGING SOURCE
Transcribing agency MACL
100 ## - MAIN ENTRY--PERSONAL NAME
Personal name Rawat Dr D S
9 (RLIN) 66891
245 ## - TITLE STATEMENT
Title Students' Guide To Accounting Standards
Remainder of title CA/CMA Final
260 ## - PUBLICATION, DISTRIBUTION, ETC. (IMPRINT)
Place of publication, distribution, etc. New Delhi
Name of publisher, distributor, etc. Taxmann Publications
Date of publication, distribution, etc. 2016
650 ## - SUBJECT ADDED ENTRY--TOPICAL TERM
Topical term or geographic name as entry element Accounting
9 (RLIN) 66892
942 ## - ADDED ENTRY ELEMENTS (KOHA)
Source of classification or shelving scheme
Koha item type Books

No items available.